| 000 | 00000nam##2200000za#4500 |
| 001 | 9.615718 |
| 003 | CaOODSP |
| 005 | 20210615101245 |
| 007 | ta |
| 008 | 150406|2001||||xxc||||| f|0| 0 eng|d |
| 020 | |a0-662-30918-9 |
| 040 | |aCaOODSP|beng |
| 043 | |an-cn--- |
| 086 | 1 |aNH18-24/23E |
| 110 | 2 |aCanada Mortgage and Housing Corporation. |
| 245 | 10|aWater-saving tips for your lawn and garden |
| 260 | |aOttawa - Ontario : |bCanada Mortgage and Housing Corporation |c2001. |
| 300 | |a4p. : |billus. ; |c28 cm. |
| 490 | 1 |aAbout your house |vCE23 |
| 563 | |aPamphlet |
| 590 | |a01-30|b2001-07-27 |
| 690 | 07|aWater conservation|2gcpds |
| 690 | 07|aGardens|2gcpds |
| 775 | 08|tComment entretenir vos pelouses et jardins en économisant l'eau |w(CaOODSP)9.625743 |
| 776 | 0#|tWater-saving tips for your lawn and garden |w(CaOODSP)9.571797 |
| 830 | #0|aAbout your house ;|vCE23|w(CaOODSP)9.514828 |